| 000 | 00842nam a2200241 a 4500 | ||
|---|---|---|---|
| 001 | BRCA_1327 | ||
| 005 | 20190320203358.0 | ||
| 008 | 891026s1987 mx-a---##b---#000-0#spa-# | ||
| 020 | _a9688421227 | ||
| 041 | _aspa | ||
| 044 | _amx | ||
| 050 | 4 |
_aF1232 _b.L33 1987 |
|
| 100 | 1 |
_aLabastida, Horacio _94344 |
|
| 245 | 1 | 0 |
_aReforma y república restaurada _b1823-1877 _cestudio histórico y selección Horacio Labastida. |
| 260 |
_aMéxico _bPorrúa _c1987 |
||
| 300 |
_a373 p. _bil. (algunas a color) _c28 cm. |
||
| 440 | 0 |
_aDocumentos para la historia del México independiente _94345 |
|
| 500 | _aIncluye listado documental | ||
| 651 | 4 |
_aMéxico _xHistoria _y1821-1861 _9618 |
|
| 651 | 4 |
_aMéxico _xHistoria _yIntervención europea, 1861-1867 _9758 |
|
| 651 | 4 |
_aMéxico _xHistoria _yGuerra de Independencia, 1810-1821 _94346 |
|
| 942 |
_2lcc _cB |
||
| 999 |
_c1191 _d1191 |
||